Statistics for Name 70 Kpop Idols

Click here to take the quiz!

General Stats

  • This quiz has been taken 9,656 times
  • The average score is 46 of 70

Answer Stats

GroupAnswer% Correct
SeventeenJun
99%
BTSRap Monster
99%
BTSV
99%
BTSJimin
98%
BTSJin
98%
BTSJungkook
98%
BlackPinkLisa
98%
BlackPinkJennie
97%
BlackPinkJisoo
97%
BlackPinkRose
97%
BTSSuga
97%
BTSJ-Hope
96%
Got7Jackson
89%
EXOKai
89%
MamamooHwasa
88%
Got7Bambam
84%
MamamooSolar
82%
Got7Mark
78%
EXOBaekhyun
76%
EXOD.O
76%
SHINeeTaemin
76%
MamamooMoonbyul
74%
EXOChen
73%
EXOSehun
73%
EXOChanyeol
72%
SHINeeMinho
72%
SeventeenVernon
72%
SHINeeKey
71%
EXOSuho
71%
SeventeenWoozi
71%
MamamooWheein
70%
SeventeenHoshi
69%
Got7JB
68%
Got7Jinyoung
68%
SeventeenS.Coups
68%
SeventeenDino
67%
SHINeeJonghyun
67%
EXOLay
67%
SeventeenThe8
67%
SNSDTaeyeon
66%
EXOXiumin
66%
SeventeenMingyu
65%
SeventeenDK
64%
SeventeenJoshua
64%
Got7Yugyeom
63%
SHINeeOnew
62%
Got7Youngjae
60%
SeventeenSeungkwan
59%
SeventeenWonwoo
59%
SeventeenJeonghan
58%
SNSDTiffany
58%
SNSDSunny
54%
VIXXN
52%
CLCSorn
50%
SNSDYoona
48%
SNSDYuri
41%
SNSDHyoyeon
40%
VIXXRavi
39%
SNSDSooyoung
37%
VIXXLeo
36%
SNSDSeohyun
36%
CLCYujin
33%
VIXXKen
31%
CLCElkie
30%
CLCYeeun
29%
VIXXHyuk
26%
CLCSeungyeon
26%
CLCEunbin
25%
VIXXHongbin
25%
CLCSeunghee
25%

Score Distribution

Percentile by Number Answered

Percent of People with Each Score

Your Score History

You have not taken this quiz